Closest Genetic Populations to the Estonians - Statistics

General Stats
  • This quiz has been taken 10 times
  • The average score is 8 of 12
Answer Stats
Genetic Distance Ethnicity % Correct
2.359 Latvian
100%
1.645 Russian
100%
2.303 Belarusian
90%
2.968 Finnish
90%
1.861 Lithuanian
90%
3.424 Polish
90%
2.807 Ukrainian
80%
2.565 Ingrian
40%
3.950 Karelian
40%
3.958 Mordvin
30%
4.939 Slovakian
10%
4.675 Vepsian
10%
No matching quizzes found
Score Distribution
Percent of People with Each Score
Percentile by Number Answered
Your Score History
You have not taken this quiz